| 000 | 00426nam a2200157 i 4500 | ||
|---|---|---|---|
| 001 | bg | ||
| 100 | 1 | _aJARMARK, S. E. | |
| 245 | 0 |
_aWprowadzenie do systemu operacyjnego DR DOS 6.0 / _cS.E. Jarmark. |
|
| 260 |
_aŚrem, _c1992. |
||
| 490 | 1 | _aBiblioteka Nowości Informatycznych | |
| 830 | _aBiblioteka Nowości Informatycznych | ||
| 040 | _cBPK | ||
| 041 | _apol | ||
| 942 | _cKS | ||
| 008 | s pl f |000 0 pol | ||
| 999 |
_c5345 _d5345 |
||
| 856 |
_uhttp://koha.tu.koszalin.pl/cgi-bin/koha/opac-detail.pl?biblionumber=5345 _yKatalog online BPK |
||